[Event "ROM-chT"]
[Site "Mamaia"]
[Date "2021.10.07"]
[Round "7.3"]
[White "Ghimpu, Samuel Timotei"]
[Black "Oprisor, Razvan Gabriel"]
[Result "1-0"]
[WhiteElo "2431"]
[BlackElo "2192"]
[PlyCount "67"]
[EventDate "2021.10.02"]
[EventType "team-tourn"]
[EventRounds "11"]
[EventCountry "ROU"]
[SourceTitle "CBM 204 Extra"]
[Source "ChessBase"]
[SourceDate "2021.11.30"]
[SourceVersion "1"]
[SourceVersionDate "2021.11.30"]
[SourceQuality "1"]
[WhiteTeam "Arad Vados"]
[BlackTeam "Targoviste"]
[WhiteTeamCountry "ROU"]
[BlackTeamCountry "ROU"]

1. e4 e6 2. d4 d5 3. Nc3 dxe4 4. Nxe4 Nf6 5. Nxf6+ gxf6 6. Be3 Nc6 7. Nf3 b6 8. Qe2 Bb7 9. 0-0-0 Qd7 10. Kb1 0-0-0 11. Rg1 Rg8 12. a3 Qd5 13. Qe1 Na5 14. Bd3 Nc4 15. Bc1 h6 16. h3 Nd6 17. Qe2 Kb8 18. c4 Qh5 19. g4 Qa5 20. Nd2 Qa4 21. c5 Qxd4 22. cxd6 Bxd6 23. Nc4 Qc5 24. Nxd6 Rxd6 25. Bxh6 Rgd8 26. Bc2 Bd5 27. Be3 Qc6 28. h4 Kb7 29. h5 Rh8 30. h6 Rdd8 31. Qe1 Rdg8 32. Qc3 Qxc3 33. bxc3 Bf3 34. Rd7 1-0

[Event "ROM-chT"]
[Site "Mamaia"]
[Date "2021.10.02"]
[Round "1.5"]
[White "Manolache, Marius"]
[Black "Oprisor, Razvan Gabriel"]
[Result "1-0"]
[WhiteElo "2514"]
[BlackElo "2192"]
[PlyCount "73"]
[EventDate "2021.10.02"]
[EventType "team-tourn"]
[EventRounds "11"]
[EventCountry "ROU"]
[SourceTitle "CBM 204 Extra"]
[Source "ChessBase"]
[SourceDate "2021.11.30"]
[SourceVersion "1"]
[SourceVersionDate "2021.11.30"]
[SourceQuality "1"]
[WhiteTeam "Timisoara Medicina"]
[BlackTeam "Targoviste"]
[WhiteTeamCountry "ROU"]
[BlackTeamCountry "ROU"]

1. d4 f5 2. Nc3 Nf6 3. Bg5 d5 4. Bxf6 exf6 5. e3 c6 6. Bd3 Be6 7. Qf3 g6 8. Nge2 Bd6 9. h3 Nd7 10. g4 fxg4 11. hxg4 Bf7 12. 0-0-0 Qa5 13. Rh3 Be7 14. e4 0-0-0 15. exd5 cxd5 16. Kb1 a6 17. Qh1 Nf8 18. f4 Kb8 19. f5 g5 20. Nc1 Qc7 21. Be2 Rg8 22. Rh6 Rg7 23. Bf3 Qc4 24. Rd3 Bg8 25. Nb3 Ka7 26. a3 b6 27. Nd2 Qc6 28. Nf1 Rd6 29. Ne3 Bd8 30. Nexd5 Bxd5 31. Nxd5 Qc4 32. Nb4 Rc7 33. Rc3 Qf7 34. Nc6+ Rcxc6 35. Rxc6 Rxc6 36. Bxc6 Bc7 37. Rxf6 1-0

[Event "ROM-chT div-A"]
[Site "Mamaia"]
[Date "2019.09.26"]
[Round "6.1"]
[White "Oprisor, Razvan Gabriel"]
[Black "Ursan, Petru Sebastian"]
[Result "0-1"]
[WhiteElo "2211"]
[BlackElo "2154"]
[PlyCount "88"]
[EventDate "2019.09.21"]
[EventType "team-tourn"]
[EventRounds "9"]
[EventCountry "ROU"]
[SourceTitle "EXT 2020"]
[Source "ChessBase"]
[SourceDate "2019.10.17"]
[SourceVersion "1"]
[SourceVersionDate "2019.10.17"]
[SourceQuality "1"]
[WhiteTeam "Targoviste University"]
[BlackTeam "Arad University"]
[WhiteTeamCountry "ROU"]
[BlackTeamCountry "ROU"]

1. e4 c5 2. Nc3 g6 3. f4 Bg7 4. Nf3 d6 5. Bc4 e6 6. 0-0 Ne7 7. Qe1 0-0 8. d3 Nbc6 9. f5 d5 10. Bb3 c4 11. f6 Bxf6 12. e5 Bg7 13. dxc4 dxc4 14. Bxc4 Nxe5 15. Nxe5 Qd4+ 16. Be3 Qxe5 17. Qf2 Nf5 18. Bxa7 Bd7 19. Bb6 Bc6 20. Rae1 Qd4 21. Bxd4 Bxd4 22. Bd3 b5 23. a3 Bxf2+ 24. Rxf2 Nd6 25. Re5 Rab8 26. Rf4 Rfc8 27. Rb4 Kg7 28. Bxb5 Bxb5 29. Nxb5 Nc4 30. Re2 e5 31. c3 f6 32. b3 Na5 33. a4 Rxc3 34. Rd2 Rxb3 35. Rd7+ Kh6 36. Rg4 Rc8 37. h3 Rc4 38. Ra7 Rxg4 39. hxg4 Nc4 40. Nc7 e4 41. Ne6 e3 42. Kf1 Rb2 43. g5+ fxg5 44. Nf8 Rf2+ 0-1

[Event "ROM-chT div-A"]
[Site "Mamaia"]
[Date "2019.09.25"]
[Round "5.1"]
[White "Rauca, Horatiu Augustin"]
[Black "Oprisor, Razvan Gabriel"]
[Result "0-1"]
[WhiteElo "1896"]
[BlackElo "2211"]
[PlyCount "60"]
[EventDate "2019.09.21"]
[EventType "team-tourn"]
[EventRounds "9"]
[EventCountry "ROU"]
[SourceTitle "EXT 2020"]
[Source "ChessBase"]
[SourceDate "2019.10.17"]
[SourceVersion "1"]
[SourceVersionDate "2019.10.17"]
[SourceQuality "1"]
[WhiteTeam "Bistrita"]
[BlackTeam "Targoviste University"]
[WhiteTeamCountry "ROU"]
[BlackTeamCountry "ROU"]

1. e4 e6 2. Nc3 d5 3. Nf3 Nf6 4. exd5 exd5 5. d4 Be7 6. Bd3 Bg4 7. h3 Bh5 8. g4 Bg6 9. Bf4 c6 10. Qe2 0-0 11. Kf1 Re8 12. Bf5 Nbd7 13. Qd3 Bb4 14. Ne5 Bxc3 15. bxc3 Nxe5 16. Bxe5 Ne4 17. Bxg6 hxg6 18. Kg2 Qh4 19. Rhf1 b5 20. Rae1 f5 21. Bg3 Qg5 22. gxf5 gxf5 23. f4 Qh5 24. Re3 Kf7 25. a4 Rh8 26. Be1 a6 27. Bd2 Rh6 28. Bc1 Rg6+ 29. Kh2 Rh8 30. Ref3 Qg4 0-1

[Event "ROM-chT"]
[Site "Baile Govora"]
[Date "2017.11.15"]
[Round "5.1"]
[White "Nanu, Ciprian Costica"]
[Black "Oprisor, Razvan Gabriel"]
[Result "1-0"]
[WhiteElo "2515"]
[BlackElo "2176"]
[PlyCount "125"]
[EventDate "2017.11.11"]
[EventType "team-tourn"]
[EventRounds "9"]
[EventCountry "ROU"]
[SourceTitle "CBM 181 Extra"]
[Source "ChessBase"]
[SourceDate "2017.12.12"]
[SourceVersion "1"]
[SourceVersionDate "2017.12.12"]
[SourceQuality "1"]
[WhiteTeam "Iasi Politehnica"]
[BlackTeam "Targoviste"]
[WhiteTeamCountry "ROU"]
[BlackTeamCountry "ROU"]

1. c4 Nf6 2. Nf3 g6 3. g3 Bg7 4. Bg2 d6 5. 0-0 0-0 6. Nc3 e5 7. d4 Nbd7 8. Qc2 Re8 9. Rd1 c6 10. b3 e4 11. Ng5 d5 12. cxd5 cxd5 13. Nb5 h6 14. Nc7 hxg5 15. Nxa8 Re6 16. Qc7 Qe8 17. Bxg5 Rc6 18. Qa5 a6 19. Rac1 b6 20. Qa4 b5 21. Qa5 Nf8 22. Nc7 Qd7 23. Rxc6 Qxc6 24. Rc1 Qb7 25. Bxf6 Bxf6 26. Qxa6 Qxa6 27. Nxa6 Bxa6 28. Rc6 Bb7 29. Rxf6 Ne6 30. Bh3 Kg7 31. Rxe6 fxe6 32. Bxe6 Kf6 33. Bd7 b4 34. h4 Ke7 35. Bb5 Bc8 36. Kf1 Kf6 37. Ke1 Be6 38. Kd2 g5 39. hxg5+ Kxg5 40. Ke3 Kg4 41. Bc6 Kg5 42. f3 exf3 43. exf3 Kf5 44. Kd2 Kf6 45. Kc1 Ke7 46. Kb2 Kd6 47. Bb5 Bf5 48. a3 Bg6 49. axb4 Bh5 50. Be2 Kc6 51. Ka1 Bg6 52. b5+ Kb6 53. Kb2 Bh7 54. b4 Kc7 55. Kc1 Kd6 56. Kd2 Bf5 57. Ke1 Ke7 58. Kf2 Kf6 59. Kg1 Kg7 60. Kh1 Kh8 61. b6 Bc8 62. Kg1 Kg7 63. Kh2 1-0